Batis: (Record no. 358568)
[ view plain ]
| 000 -LEADER | |
|---|---|
| fixed length control field | 00512nam a2200145Ia 4500 |
| 008 - FIXED-LENGTH DATA ELEMENTS--GENERAL INFORMATION | |
| fixed length control field | 180905s9999 xx 000 0 und d |
| 020 ## - INTERNATIONAL STANDARD BOOK NUMBER | |
| International Standard Book Number | 9789719809326 |
| 100 ## - MAIN ENTRY--PERSONAL NAME | |
| Personal name | Torres,Jose Victor. |
| 245 ## - TITLE STATEMENT | |
| Statement of responsibility, etc | Jose Victor Torres.-- |
| Title | Batis: |
| Remainder of title | sources in Philippine history / |
| 260 ## - PUBLICATION, DISTRIBUTION, ETC. (IMPRINT) | |
| Place of publication, distribution, etc | Quezon city : |
| Name of publisher, distributor, etc | C & E Publishing |
| Date of publication, distribution, etc | 2018 |
| 300 ## - PHYSICAL DESCRIPTION | |
| Extent | ix, 233 pages : |
| Other physical details | illustrations ; |
| Dimensions | 22 cm. |
| 500 ## - GENERAL NOTE | |
| General note | Includes blibliography and index. |
| 650 ## - SUBJECT ADDED ENTRY--TOPICAL TERM | |
| Topical term or geographic name as entry element | Philippines -- History. |
| 650 ## - SUBJECT ADDED ENTRY--TOPICAL TERM | |
| Topical term or geographic name as entry element | Philippines -- Politics and government. |
| Withdrawn status | Lost status | Damaged status | Home library | Current library | Shelving location | Date acquired | Source of acquisition | Total Checkouts | Full call number | Barcode | Date last seen | Date checked out | Price effective from | Koha item type |
|---|---|---|---|---|---|---|---|---|---|---|---|---|---|---|
| College Library | College Library | Filipiniana Section | 09/05/2018 | Library Fund | 1 | DS 668 .T67 2018 | C21624 | 08/06/2019 | 07/30/2019 | 09/05/2018 | Books |